[Event "ODJM C 2025"]
[Site "Willingen GER"]
[Date "2025.06.11"]
[Round "5"]
[White "Lange, Lene Marie"]
[Black "Trush, Diana"]
[Result "0-1"]
[Termination "normal"]
[Board "1"]
[WhiteElo "1547"]
[BlackElo "1708"]
[WhiteClock "00:03:38"]
[BlackClock "01:10:14"]
[PlyCount "72"]
[WhiteFideId "34639748"]
[BlackFideId "34644091"]
[EventCountry "GER"]
[EventRounds "9"]
[EventType "swiss"]
[EventDate "2025.06.07"]

1. e4 {[%clk 01:30:58]} {[%emt 00:00:02]} c5 {[%clk 01:30:39]} {[%emt
00:00:22]} 2. Nf3 {[%clk 01:30:43]} {[%emt 00:00:44]} g6 {[%clk 01:31:02]}
{[%emt 00:00:08]} 3. Bc4 {[%emt 00:01:00]} Bg7 {[%clk 01:31:04]} {[%emt
00:00:19]} 4. d4 {[%clk 01:29:10]} {[%emt 00:01:42]} cxd4 {[%clk 01:31:28]}
{[%emt 00:00:06]} 5. Nxd4 {[%clk 01:28:56]} {[%emt 00:00:43]} d6 {[%clk
01:31:16]} {[%emt 00:00:43]} 6. O-O {[%clk 01:27:56]} {[%emt 00:01:30]} Nf6
{[%clk 01:31:32]} {[%emt 00:00:14]} 7. Bd3 {[%clk 01:23:03]} {[%emt 00:05:23]}
O-O {[%clk 01:31:49]} {[%emt 00:00:13]} 8. Be3 {[%clk 01:21:03]} {[%emt
00:02:29]} Nc6 {[%clk 01:31:21]} {[%emt 00:00:56]} 9. Nxc6 {[%clk 01:19:53]}
{[%emt 00:01:43]} bxc6 {[%clk 01:31:39]} {[%emt 00:00:12]} 10. Nc3 {[%clk
01:19:32]} {[%emt 00:00:51]} d5 {[%clk 01:31:36]} {[%emt 00:00:33]} 11. exd5
{[%clk 01:13:49]} {[%emt 00:06:13]} cxd5 {[%clk 01:31:58]} {[%emt 00:00:08]}
12. Ne2 {[%clk 01:10:37]} {[%emt 00:03:41]} e5 {[%clk 01:31:50]} {[%emt
00:00:38]} 13. c3 {[%clk 01:03:35]} {[%emt 00:07:32]} Nh5 {[%clk 01:27:12]}
{[%emt 00:05:08]} 14. Qd2 {[%clk 01:00:13]} {[%emt 00:03:54]} f5 {[%clk
01:27:22]} {[%emt 00:00:19]} 15. f3 {[%clk 00:46:47]} {[%emt 00:13:55]} f4
{[%clk 01:26:48]} {[%emt 00:01:05]} 16. Bc5 {[%clk 00:45:13]} {[%emt 00:02:04]}
Rf6 {[%clk 01:26:59]} {[%emt 00:00:19]} 17. c4 {[%clk 00:44:12]} {[%emt
00:01:32]} d4 {[%clk 01:26:55]} {[%emt 00:00:33]} 18. Qb4 {[%clk 00:43:05]}
{[%emt 00:01:36]} Bf5 {[%emt 00:01:00]} 19. Be7 {[%clk 00:41:00]} {[%emt
00:02:32]} Rb6 {[%clk 01:24:52]} {[%emt 00:02:06]} 20. Qc5 {[%clk 00:35:17]}
{[%emt 00:06:14]} Qe8 {[%clk 01:24:13]} {[%emt 00:01:08]} 21. Bxf5 {[%clk
00:32:21]} {[%emt 00:03:26]} gxf5 {[%clk 01:24:24]} {[%emt 00:00:19]} 22. Qd5+
{[%clk 00:30:59]} {[%emt 00:01:52]} Kh8 {[%clk 01:24:34]} {[%emt 00:00:20]} 23.
Ba3 {[%clk 00:29:49]} {[%emt 00:01:41]} Rd8 {[%clk 01:23:40]} {[%emt 00:01:24]}
24. Qa5 {[%clk 00:24:59]} {[%emt 00:05:19]} Rg6 {[%clk 01:20:13]} {[%emt
00:03:58]} 25. Qxa7 {[%clk 00:21:26]} {[%emt 00:04:03]} e4 {[%clk 01:20:14]}
{[%emt 00:00:29]} 26. Qb7 {[%clk 00:17:23]} {[%emt 00:04:32]} d3 {[%clk
01:19:51]} {[%emt 00:00:53]} 27. Nc1 {[%clk 00:17:05]} {[%emt 00:00:48]} d2
{[%clk 01:19:57]} {[%emt 00:00:24]} 28. Ne2 {[%clk 00:15:14]} {[%emt 00:02:21]}
Rd3 {[%clk 01:13:00]} {[%emt 00:07:28]} 29. fxe4 {[%clk 00:13:07]} {[%emt
00:02:37]} f3 {[%clk 01:12:07]} {[%emt 00:01:22]} 30. Nc3 {[%clk 00:08:45]}
{[%emt 00:04:53]} Bd4+ {[%clk 01:12:05]} {[%emt 00:00:32]} 31. Rf2 {[%clk
00:05:48]} {[%emt 00:03:26]} Bxf2+ {[%clk 01:12:28]} {[%emt 00:00:08]} 32. Kxf2
{[%clk 00:05:15]} {[%emt 00:01:02]} Rxg2+ {[%clk 01:11:00]} {[%emt 00:01:58]}
33. Kf1 {[%clk 00:04:47]} {[%emt 00:00:57]} Qg8 {[%clk 01:10:54]} {[%emt
00:00:37]} 34. Qb6 {[%clk 00:03:52]} {[%emt 00:01:27]} d1=Q+ {[%clk 01:09:26]}
{[%emt 00:01:56]} 35. Rxd1 {[%clk 00:03:20]} {[%emt 00:01:03]} Rxd1+ {[%clk
01:09:50]} {[%emt 00:00:06]} 36. Nxd1 {[%clk 00:03:38]} {[%emt 00:00:11]} Qxc4+
{[%clk 01:10:14]} {[%emt 00:00:07]} 0-1

[Event "ODJM C 2025"]
[Site "Willingen GER"]
[Date "2025.06.11"]
[Round "5"]
[White "Böker, Maximilian"]
[Black "Abram, Kristina-Maria"]
[Result "1/2-1/2"]
[Termination "normal"]
[Board "2"]
[WhiteElo "1534"]
[BlackElo "1507"]
[WhiteClock "00:22:16"]
[BlackClock "01:16:41"]
[PlyCount "48"]
[WhiteFideId "34623868"]
[BlackFideId "16298349"]
[EventCountry "GER"]
[EventRounds "9"]
[EventType "swiss"]
[EventDate "2025.06.07"]

1. e4 {[%clk 01:30:58]} {[%emt 00:00:02]} d5 {[%clk 01:30:55]} {[%emt
00:00:06]} 2. exd5 {[%clk 01:31:22]} {[%emt 00:00:06]} Qxd5 {[%clk 01:31:19]}
{[%emt 00:00:06]} 3. Nc3 {[%clk 01:31:41]} {[%emt 00:00:11]} Qa5 {[%clk
01:31:44]} {[%emt 00:00:05]} 4. d4 {[%clk 01:31:59]} {[%emt 00:00:11]} c6
{[%clk 01:32:10]} {[%emt 00:00:05]} 5. Nf3 {[%clk 01:32:02]} {[%emt 00:00:27]}
Nf6 {[%clk 01:32:31]} {[%emt 00:00:08]} 6. Bd2 {[%clk 01:31:40]} {[%emt
00:00:52]} Qc7 {[%clk 01:32:56]} {[%emt 00:00:06]} 7. Bd3 {[%clk 01:29:36]}
{[%emt 00:02:33]} Bg4 {[%clk 01:33:17]} {[%emt 00:00:10]} 8. h3 {[%clk
01:28:42]} {[%emt 00:01:24]} Bh5 {[%clk 01:33:41]} {[%emt 00:00:05]} 9. Qe2
{[%clk 01:25:22]} {[%emt 00:03:50]} e6 {[%clk 01:34:01]} {[%emt 00:00:11]} 10.
g4 {[%clk 01:23:22]} {[%emt 00:02:30]} Bg6 {[%clk 01:34:23]} {[%emt 00:00:07]}
11. Bxg6 {[%clk 01:22:09]} {[%emt 00:01:45]} hxg6 {[%clk 01:34:43]} {[%emt
00:00:09]} 12. O-O-O {[%clk 01:19:41]} {[%emt 00:02:58]} Nbd7 {[%clk 01:35:01]}
{[%emt 00:00:11]} 13. a3 {[%clk 01:18:01]} {[%emt 00:02:11]} O-O-O {[%clk
01:32:29]} {[%emt 00:03:02]} 14. Bg5 {[%clk 01:11:59]} {[%emt 00:06:31]} b5
{[%clk 01:28:42]} {[%emt 00:04:18]} 15. Ne5 {[%clk 01:06:27]} {[%emt 00:06:02]}
Nxe5 {[%clk 01:28:54]} {[%emt 00:00:18]} 16. Qxe5 {[%clk 01:03:25]} {[%emt
00:03:31]} Bd6 {[%clk 01:26:26]} {[%emt 00:02:58]} 17. Qe3 {[%clk 00:58:27]}
{[%emt 00:05:28]} Rd7 {[%clk 01:24:23]} {[%emt 00:02:33]} 18. Ne4 {[%clk
00:45:42]} {[%emt 00:13:15]} Nxe4 {[%clk 01:22:40]} {[%emt 00:02:14]} 19. Qxe4
{[%clk 00:45:42]} {[%emt 00:00:30]} Re8 {[%clk 01:22:44]} {[%emt 00:00:24]} 20.
Rd3 {[%clk 00:41:58]} {[%emt 00:04:15]} e5 {[%clk 01:21:33]} {[%emt 00:01:42]}
21. Rhd1 {[%clk 00:37:37]} {[%emt 00:04:51]} f6 {[%clk 01:21:16]} {[%emt
00:00:47]} 22. Rc3 {[%clk 00:33:09]} {[%emt 00:04:57]} Kb7 {[%clk 01:17:00]}
{[%emt 00:04:46]} 23. Rcd3 {[%clk 00:24:04]} {[%emt 00:09:36]} fxg5 {[%clk
01:16:41]} {[%emt 00:00:47]} 24. dxe5 {[%clk 00:22:16]} {[%emt 00:02:19]} Rxe5
{[%emt 00:01:17]} 1/2-1/2

[Event "ODJM C 2025"]
[Site "Willingen GER"]
[Date "2025.06.11"]
[Round "5"]
[White "Yang, Everest"]
[Black "Schöning, Leopold"]
[Result "1/2-1/2"]
[Termination "normal"]
[Board "3"]
[WhiteElo "1629"]
[BlackElo "1525"]
[WhiteClock "00:45:42"]
[BlackClock "00:50:21"]
[PlyCount "42"]
[WhiteFideId "533021570"]
[BlackFideId "34678964"]
[EventCountry "GER"]
[EventRounds "9"]
[EventType "swiss"]
[EventDate "2025.06.07"]

1. e4 {[%clk 01:30:53]} {[%emt 00:00:07]} c5 {[%clk 01:30:47]} {[%emt
00:00:12]} 2. Nc3 {[%clk 01:31:12]} {[%emt 00:00:12]} Nc6 {[%emt 00:01:23]} 3.
Nf3 {[%clk 01:30:40]} {[%emt 00:00:53]} d6 {[%clk 01:28:53]} {[%emt 00:01:40]}
4. h3 {[%clk 01:29:14]} {[%emt 00:01:56]} g6 {[%clk 01:27:57]} {[%emt
00:01:25]} 5. Bc4 {[%clk 01:29:03]} {[%emt 00:00:42]} Bg7 {[%clk 01:26:47]}
{[%emt 00:01:40]} 6. O-O {[%clk 01:28:14]} {[%emt 00:01:10]} Nf6 {[%clk
01:26:16]} {[%emt 00:01:09]} 7. d4 {[%clk 01:26:45]} {[%emt 00:02:00]} cxd4
{[%clk 01:25:26]} {[%emt 00:01:20]} 8. Nxd4 {[%clk 01:27:03]} {[%emt 00:00:12]}
O-O {[%clk 01:25:15]} {[%emt 00:00:41]} 9. Be3 {[%clk 01:26:53]} {[%emt
00:00:40]} Qa5 {[%clk 01:15:06]} {[%emt 00:10:38]} 10. a4 {[%clk 01:15:59]}
{[%emt 00:11:25]} Bd7 {[%clk 01:09:25]} {[%emt 00:06:11]} 11. Qd2 {[%clk
01:10:19]} {[%emt 00:06:09]} Nxd4 {[%clk 01:04:17]} {[%emt 00:05:37]} 12. Qxd4
{[%clk 01:02:40]} {[%emt 00:08:10]} Ng4 {[%clk 01:03:30]} {[%emt 00:01:17]} 13.
Qd3 {[%clk 00:59:49]} {[%emt 00:03:20]} Nxe3 {[%clk 01:02:05]} {[%emt
00:01:55]} 14. Qxe3 {[%clk 01:00:03]} {[%emt 00:00:17]} Rac8 {[%clk 00:59:47]}
{[%emt 00:02:48]} 15. Bb5 {[%emt 00:02:59]} Be6 {[%clk 00:53:26]} {[%emt
00:06:48]} 16. Ra3 {[%clk 00:52:16]} {[%emt 00:05:50]} a6 {[%clk 00:52:37]}
{[%emt 00:01:20]} 17. Be2 {[%clk 00:52:25]} {[%emt 00:00:21]} Qb4 {[%clk
00:52:36]} {[%emt 00:00:31]} 18. Rb1 {[%emt 00:04:02]} Bxc3 {[%clk 00:51:37]}
{[%emt 00:01:28]} 19. Rxc3 {[%clk 00:48:17]} {[%emt 00:01:07]} Qxa4 {[%clk
00:50:52]} {[%emt 00:01:15]} 20. Rxc8 {[%clk 00:45:32]} {[%emt 00:03:15]} Rxc8
{[%clk 00:51:10]} {[%emt 00:00:12]} 21. Bd3 {[%clk 00:45:42]} {[%emt 00:00:19]}
Bc4 {[%clk 00:50:21]} {[%emt 00:01:19]} 1/2-1/2

[Event "ODJM C 2025"]
[Site "Willingen GER"]
[Date "2025.06.11"]
[Round "5"]
[White "Özkurt, Alper"]
[Black "Datta, Satadru"]
[Result "1/2-1/2"]
[Termination "normal"]
[Board "4"]
[WhiteElo "1523"]
[BlackElo "1458"]
[WhiteClock "00:46:05"]
[BlackClock "00:14:15"]
[PlyCount "64"]
[WhiteFideId "34655190"]
[BlackFideId "34637931"]
[EventCountry "GER"]
[EventRounds "9"]
[EventType "swiss"]
[EventDate "2025.06.07"]

1. e4 {[%clk 01:30:48]} {[%emt 00:00:11]} c5 {[%clk 01:30:48]} {[%emt
00:00:12]} 2. c3 {[%clk 01:31:14]} {[%emt 00:00:04]} d5 {[%clk 01:30:49]}
{[%emt 00:00:28]} 3. exd5 {[%clk 01:31:35]} {[%emt 00:00:09]} Qxd5 {[%clk
01:30:54]} {[%emt 00:00:25]} 4. d4 {[%clk 01:32:03]} {[%emt 00:00:04]} e6
{[%clk 01:30:49]} {[%emt 00:00:34]} 5. Nf3 {[%clk 01:32:00]} {[%emt 00:00:32]}
Nf6 {[%clk 01:30:30]} {[%emt 00:00:49]} 6. Be2 {[%clk 01:31:56]} {[%emt
00:00:35]} Be7 {[%clk 01:30:11]} {[%emt 00:00:48]} 7. Be3 {[%clk 01:31:02]}
{[%emt 00:01:24]} cxd4 {[%clk 01:21:50]} {[%emt 00:08:51]} 8. cxd4 {[%clk
01:31:26]} {[%emt 00:00:07]} O-O {[%clk 01:20:46]} {[%emt 00:01:34]} 9. Nc3
{[%clk 01:30:44]} {[%emt 00:01:11]} Qd8 {[%clk 01:20:05]} {[%emt 00:01:11]} 10.
O-O {[%clk 01:30:22]} {[%emt 00:00:40]} Nc6 {[%clk 01:18:34]} {[%emt 00:02:13]}
11. h3 {[%clk 01:28:14]} {[%emt 00:02:37]} a6 {[%clk 01:08:48]} {[%emt
00:10:18]} 12. Rc1 {[%clk 01:22:30]} {[%emt 00:06:03]} Bd6 {[%clk 01:01:30]}
{[%emt 00:07:58]} 13. Bg5 {[%clk 01:16:38]} {[%emt 00:06:23]} h6 {[%clk
00:58:50]} {[%emt 00:03:09]} 14. Bxf6 {[%clk 01:14:08]} {[%emt 00:03:01]} Qxf6
{[%clk 00:58:59]} {[%emt 00:00:19]} 15. Ne4 {[%clk 01:13:28]} {[%emt 00:01:11]}
Qe7 {[%clk 00:57:14]} {[%emt 00:02:14]} 16. Nxd6 {[%clk 01:13:13]} {[%emt
00:00:46]} Qxd6 {[%clk 00:57:26]} {[%emt 00:00:18]} 17. Re1 {[%clk 01:12:49]}
{[%emt 00:00:54]} Rd8 {[%clk 00:54:54]} {[%emt 00:03:02]} 18. a3 {[%clk
01:04:52]} {[%emt 00:08:28]} Nxd4 {[%clk 00:51:00]} {[%emt 00:04:24]} 19. Nxd4
{[%clk 01:05:00]} {[%emt 00:00:22]} Qxd4 {[%clk 00:51:06]} {[%emt 00:00:23]}
20. Qxd4 {[%clk 01:05:04]} {[%emt 00:00:26]} Rxd4 {[%clk 00:51:09]} {[%emt
00:00:27]} 21. Rc7 {[%clk 01:05:00]} {[%emt 00:00:34]} Rb8 {[%clk 00:45:44]}
{[%emt 00:05:56]} 22. Rec1 {[%clk 01:05:00]} {[%emt 00:00:30]} Bd7 {[%clk
00:45:15]} {[%emt 00:00:56]} 23. Bf3 {[%clk 01:04:43]} {[%emt 00:00:50]} b6
{[%clk 00:34:21]} {[%emt 00:11:23]} 24. Ra7 {[%clk 01:01:20]} {[%emt 00:03:54]}
a5 {[%clk 00:30:21]} {[%emt 00:04:30]} 25. Rcc7 {[%clk 01:01:39]} {[%emt
00:00:11]} Rd8 {[%clk 00:29:24]} {[%emt 00:01:26]} 26. Rcb7 {[%clk 01:01:42]}
{[%emt 00:00:28]} Rd6 {[%clk 00:29:11]} {[%emt 00:00:41]} 27. Kf1 {[%clk
00:56:12]} {[%emt 00:06:02]} Kf8 {[%clk 00:24:20]} {[%emt 00:05:21]} 28. Ke2
{[%clk 00:53:30]} {[%emt 00:03:12]} g6 {[%clk 00:22:01]} {[%emt 00:02:47]} 29.
Ke3 {[%clk 00:51:04]} {[%emt 00:02:56]} Kg7 {[%clk 00:21:22]} {[%emt 00:01:10]}
30. h4 {[%clk 00:50:00]} {[%emt 00:01:34]} Kf6 {[%clk 00:16:30]} {[%emt
00:05:20]} 31. g4 {[%clk 00:46:05]} {[%emt 00:04:28]} g5 {[%clk 00:14:15]}
{[%emt 00:02:43]} 32. h5 {[%emt 00:05:11]} Ke5 {[%emt 00:00:34]} 1/2-1/2

[Event "ODJM C 2025"]
[Site "Willingen GER"]
[Date "2025.06.11"]
[Round "5"]
[White "Schmidt, Eric"]
[Black "Winkler, Theo"]
[Result "1-0"]
[Termination "normal"]
[Board "5"]
[WhiteElo "1636"]
[BlackElo "1466"]
[WhiteClock "00:31:57"]
[BlackClock "00:27:37"]
[PlyCount "112"]
[WhiteFideId "34695419"]
[BlackFideId "34622330"]
[EventCountry "GER"]
[EventRounds "9"]
[EventType "swiss"]
[EventDate "2025.06.07"]

1. d4 {[%clk 01:30:58]} {[%emt 00:00:02]} Nf6 {[%clk 01:30:52]} {[%emt
00:00:08]} 2. c4 {[%clk 01:31:24]} {[%emt 00:00:05]} g6 {[%clk 01:31:12]}
{[%emt 00:00:10]} 3. Nc3 {[%clk 01:31:43]} {[%emt 00:00:11]} Bg7 {[%clk
01:31:32]} {[%emt 00:00:09]} 4. Bg5 {[%clk 01:32:01]} {[%emt 00:00:13]} d6
{[%clk 01:30:41]} {[%emt 00:01:21]} 5. Qd2 {[%clk 01:30:56]} {[%emt 00:01:35]}
O-O {[%clk 01:30:15]} {[%emt 00:00:55]} 6. Nf3 {[%clk 01:30:46]} {[%emt
00:00:41]} Re8 {[%clk 01:28:15]} {[%emt 00:02:29]} 7. Bh6 {[%clk 01:30:17]}
{[%emt 00:00:59]} Bf5 {[%clk 01:27:18]} {[%emt 00:01:27]} 8. Bxg7 {[%clk
01:29:30]} {[%emt 00:01:18]} Kxg7 {[%clk 01:27:39]} {[%emt 00:00:08]} 9. e3
{[%clk 01:29:16]} {[%emt 00:00:45]} e5 {[%clk 01:25:36]} {[%emt 00:02:32]} 10.
dxe5 {[%clk 01:26:29]} {[%emt 00:03:18]} dxe5 {[%clk 01:24:40]} {[%emt
00:01:25]} 11. Qxd8 {[%clk 01:26:42]} {[%emt 00:00:17]} Rxd8 {[%clk 01:25:05]}
{[%emt 00:00:06]} 12. Nxe5 {[%clk 01:26:53]} {[%emt 00:00:18]} Re8 {[%clk
01:24:16]} {[%emt 00:01:20]} 13. Nf3 {[%clk 01:26:43]} {[%emt 00:00:40]} Nc6
{[%clk 01:23:43]} {[%emt 00:01:02]} 14. Be2 {[%clk 01:26:21]} {[%emt 00:00:52]}
Nb4 {[%clk 01:14:03]} {[%emt 00:10:10]} 15. O-O {[%clk 01:22:27]} {[%emt
00:04:25]} Nd3 {[%clk 01:12:44]} {[%emt 00:01:48]} 16. b3 {[%clk 01:17:11]}
{[%emt 00:05:46]} Nb4 {[%clk 01:05:01]} {[%emt 00:08:13]} 17. Rfd1 {[%clk
01:14:14]} {[%emt 00:03:28]} a6 {[%clk 01:00:15]} {[%emt 00:05:15]} 18. a3
{[%clk 01:10:48]} {[%emt 00:03:57]} Nc6 {[%clk 00:59:27]} {[%emt 00:01:18]} 19.
b4 {[%clk 01:09:47]} {[%emt 00:01:30]} Rad8 {[%clk 00:53:53]} {[%emt 00:06:05]}
20. Nh4 {[%clk 01:04:11]} {[%emt 00:06:05]} Bc2 {[%clk 00:50:31]} {[%emt
00:03:52]} 21. Rxd8 {[%clk 01:03:24]} {[%emt 00:01:17]} Rxd8 {[%clk 00:50:53]}
{[%emt 00:00:08]} 22. Rc1 {[%clk 01:02:42]} {[%emt 00:01:12]} Bb3 {[%clk
00:46:26]} {[%emt 00:04:57]} 23. g3 {[%clk 00:59:57]} {[%emt 00:03:15]} Ne5
{[%clk 00:44:54]} {[%emt 00:02:02]} 24. c5 {[%clk 00:58:50]} {[%emt 00:01:37]}
Nd3 {[%clk 00:41:26]} {[%emt 00:03:58]} 25. Bxd3 {[%clk 00:55:46]} {[%emt
00:03:34]} Rxd3 {[%clk 00:41:48]} {[%emt 00:00:08]} 26. Ng2 {[%clk 00:55:07]}
{[%emt 00:01:08]} Ng4 {[%clk 00:39:59]} {[%emt 00:02:19]} 27. Nf4 {[%clk
00:54:14]} {[%emt 00:01:24]} Rd2 {[%clk 00:39:24]} {[%emt 00:01:03]} 28. Nfe2
{[%clk 00:49:33]} {[%emt 00:05:13]} Bc4 {[%clk 00:39:19]} {[%emt 00:00:34]} 29.
Re1 {[%clk 00:49:02]} {[%emt 00:01:01]} Rc2 {[%clk 00:39:26]} {[%emt 00:00:23]}
30. h3 {[%clk 00:47:28]} {[%emt 00:02:04]} Ne5 {[%clk 00:39:02]} {[%emt
00:00:54]} 31. Rc1 {[%clk 00:42:53]} {[%emt 00:05:06]} Nf3+ {[%clk 00:31:20]}
{[%emt 00:08:12]} 32. Kg2 {[%clk 00:40:35]} {[%emt 00:03:24]} Rxc1 {[%clk
00:31:20]} {[%emt 00:00:54]} 33. Nxc1 {[%clk 00:40:59]} {[%emt 00:00:06]} Ne1+
{[%clk 00:31:40]} {[%emt 00:00:09]} 34. Kh2 {[%clk 00:40:35]} {[%emt 00:00:55]}
Nc2 {[%clk 00:31:34]} {[%emt 00:00:35]} 35. Nb1 {[%clk 00:38:58]} {[%emt
00:02:08]} f5 {[%clk 00:31:23]} {[%emt 00:00:42]} 36. h4 {[%clk 00:37:41]}
{[%emt 00:01:46]} Kf6 {[%clk 00:31:35]} {[%emt 00:00:17]} 37. Kg2 {[%clk
00:37:35]} {[%emt 00:00:37]} Ke5 {[%clk 00:31:46]} {[%emt 00:00:19]} 38. f4+
{[%clk 00:36:27]} {[%emt 00:01:38]} Kd5 {[%clk 00:31:22]} {[%emt 00:00:54]} 39.
Kf2 {[%clk 00:34:45]} {[%emt 00:02:12]} Kc6 {[%clk 00:30:43]} {[%emt 00:01:10]}
40. Kf3 {[%clk 00:33:57]} {[%emt 00:01:18]} Kb5 {[%clk 00:29:14]} {[%emt
00:01:58]} 41. Nc3+ {[%clk 00:34:12]} {[%emt 00:00:16]} Kc6 {[%clk 00:29:16]}
{[%emt 00:00:26]} 42. Nb1 {[%clk 00:34:15]} {[%emt 00:00:28]} a5 {[%clk
00:29:33]} {[%emt 00:00:13]} 43. e4 {[%clk 00:32:09]} {[%emt 00:02:36]} Ne1+
{[%clk 00:25:52]} {[%emt 00:04:09]} 44. Ke3 {[%clk 00:31:46]} {[%emt 00:00:55]}
Ng2+ {[%clk 00:26:06]} {[%emt 00:00:16]} 45. Kf2 {[%clk 00:31:33]} {[%emt
00:00:44]} Nxh4 {[%clk 00:26:20]} {[%emt 00:00:15]} 46. gxh4 {[%clk 00:31:52]}
{[%emt 00:00:05]} fxe4 {[%clk 00:26:41]} {[%emt 00:00:15]} 47. Nd2 {[%clk
00:32:01]} {[%emt 00:00:21]} Bd5 {[%clk 00:26:49]} {[%emt 00:00:22]} 48. Ke3
{[%clk 00:32:08]} {[%emt 00:00:24]} axb4 {[%clk 00:27:00]} {[%emt 00:00:19]}
49. axb4 {[%clk 00:31:42]} {[%emt 00:00:55]} Kb5 {[%clk 00:27:11]} {[%emt
00:00:19]} 50. Nxe4 {[%clk 00:31:57]} {[%emt 00:00:15]} Kxb4 {[%clk 00:27:16]}
{[%emt 00:00:26]} 51. Nd3+ {[%clk 00:32:11]} {[%emt 00:00:15]} Kc4 {[%clk
00:27:03]} {[%emt 00:00:43]} 52. Nf6 {[%clk 00:31:37]} {[%emt 00:01:04]} Be6
{[%clk 00:26:51]} {[%emt 00:00:42]} 53. Nxh7 {[%clk 00:31:22]} {[%emt
00:00:46]} Bf5 {[%clk 00:27:03]} {[%emt 00:00:17]} 54. Ne5+ {[%clk 00:31:34]}
{[%emt 00:00:18]} Kxc5 {[%clk 00:27:15]} {[%emt 00:00:18]} 55. Nf8 {[%clk
00:31:34]} {[%emt 00:00:31]} b5 {[%clk 00:27:17]} {[%emt 00:00:28]} 56. Nfxg6
{[%clk 00:31:57]} {[%emt 00:00:07]} b4 {[%clk 00:27:37]} {[%emt 00:00:10]} 1-0